LIBRARY & INFORMATION CENTRE, KCAET, TAVANUR

ONLINE PUBLIC ACCESS CATALOGUE (OPAC)

Arches and short span bridges / (Record no. 9340)

MARC details
000 -LEADER
fixed length control field 00407cam a2200157ua 4500
003 - CONTROL NUMBER IDENTIFIER
control field OSt
008 - FIXED-LENGTH DATA ELEMENTS--GENERAL INFORMATION
fixed length control field 250802b |||||||| |||| 00| 0 eng d
020 ## - INTERNATIONAL STANDARD BOOK NUMBER
ISBN 0 412 22560 3
041 ## - LANGUAGE CODE
Language code of text/sound track or separate title eng
082 ## - DEWEY DECIMAL CLASSIFICATION NUMBER
Classification number 624.2
Item number LEL/AR
100 ## - MAIN ENTRY--AUTHOR NAME
Personal name Leliavsky, Serg .
245 ## - TITLE STATEMENT
Title Arches and short span bridges /
260 ## - PUBLICATION, DISTRIBUTION, ETC. (IMPRINT)
Place of publication New Delhi :
Name of publisher Oxford & IBH Publishing company ,
Year of publication 1982.
300 ## - PHYSICAL DESCRIPTION
Number of Pages 298 ; .
942 ## - ADDED ENTRY ELEMENTS (KOHA)
Koha item type Books
Holdings
Withdrawn status Lost status Damaged status Home library Current library Date acquired Full call number Accession Number Koha item type
      KAUAET KAUAET 07/04/2012 624.2 LEL/AR 16992 Books
      KAUAET KAUAET 01/09/1986 624.2 LEL/AR 15567 Books
free website counter